=LDR 00000nam 2200000 4500 =001 INLIS000000000031591 =005 20130612133644 =008 ***********************************ind** =035 ##$$a0010-061300000031591 =041 ##$$a ind =082 ##$$a 959.862 153 =090 ##$$a 959.862 153 , Luk, p =100 ##$$a LUKMAN, Lalu =245 ##$$a Pulau Lombok Dalam Sejarah , Ditinjau Dari Aspek Budaya , Lalu Lukman;Editor,Erman Rajagukguk =260 ##$$a [s.n] ; [s.a] $b [s.l] =300 ##$$a xiii,150 hlm. , Illus. , 20 cm =650 ##$$a LOMBOK-SEJARAH =850 ##$$a NBPNMAT =990 ##$$a 21400613/BPAP-NTB/20142014